1986 Goodwill Games - Statistics

General Stats
  • This quiz has been taken 5 times
  • The average score is 50 of 62
Answer Stats
Rank Medals Country % Correct
9 3 Australia
100%
N/A 0 Austria
100%
26 2 Brazil
100%
5 31 Bulgaria
100%
7 4 Canada
100%
15 9 China
100%
27= 1 Colombia
100%
14 10 Czechoslovakia
100%
N/A 0 Denmark
100%
3 28 East Germany
100%
22= 1 Finland
100%
16 4 France
100%
N/A 0 Greece
100%
17= 6 Hungary
100%
N/A 0 Iceland
100%
N/A 0 India
100%
N/A 0 Ireland
100%
25 5 Italy
100%
8 4 Japan
100%
N/A 0 Mexico
100%
N/A 0 Morocco
100%
27= 1 Netherlands
100%
N/A 0 New Zealand
100%
22= 1 Nigeria
100%
N/A 0 Peru
100%
6 11 Poland
100%
10= 2 Portugal
100%
N/A 0 Sweden
100%
20= 2 Turkey
100%
10= 2 United Kingdom
100%
2 142 United States
100%
1 241 USSR
100%
19 3 Venezuela
100%
20= 2 West Germany
100%
N/A 0 Yugoslavia
100%
N/A 0 Algeria
67%
N/A 0 Argentina
67%
N/A 0 Bahamas
67%
N/A 0 Belgium
67%
N/A 0 Cuba
67%
N/A 0 Cyprus
67%
12= 1 Ethiopia
67%
N/A 0 Iran
67%
N/A 0 Jamaica
67%
17= 6 Mongolia
67%
27= 1 Norway
67%
4 18 Romania
67%
N/A 0 Spain
67%
N/A 0 Sudan
67%
12= 1 Switzerland
67%
N/A 0 Trinidad and Tobago
67%
N/A 0 Tunisia
67%
N/A 0 Uruguay
67%
N/A 0 Angola
33%
N/A 0 Djibouti
33%
27= 1 Ivory Coast
33%
27= 1 Kenya
33%
27= 1 Kuwait *
33%
N/A 0 Malaysia
33%
24 6 North Korea
33%
N/A 0 Senegal
33%
N/A 0 Burma
0%
No matching quizzes found
Score Distribution
Percent of People with Each Score
Percentile by Number Answered
Your Score History
You have not taken this quiz